|
|
|
|
| LEADER |
00982nam a22002651 4500 |
| 001 |
38047 |
| 003 |
BD-DhAAL |
| 008 |
220310t1959 nyua 000 0 eng d |
| 999 |
|
|
|c 43737
|d 43737
|
| 010 |
|
|
|a 59014350
|
| 040 |
|
|
|a DLC
|c DLC
|d DLC
|d BD-DhAAL
|
| 050 |
0 |
0 |
|a N5300
|b .C56
|
| 082 |
0 |
0 |
|a 709
|
| 100 |
1 |
|
|a Christensen, Erwin O.
|q (Erwin Ottomar),
|d 1890-1976.
|9 46740
|
| 245 |
1 |
4 |
|a The history of Western art /
|c Erwin Ottomar Christensen
|
| 260 |
|
|
|a New York :
|b New American Library,
|c c1959.
|
| 300 |
|
|
|a 320 pages :
|b illustrations ;
|c 18 cm.
|
| 490 |
0 |
|
|a Mentor books, MT262
|
| 541 |
|
|
|a Donated By Akbar Ali Khan
|e 38047
|
| 650 |
|
0 |
|a Art
|x History.
|9 46741
|
| 740 |
0 |
|
|a Western art.
|
| 830 |
|
|
|a Mentor books, MT262
|9 46742
|
| 852 |
|
|
|a Ayesha Abed Library
|c Akbar Ali Khan Collection
|
| 942 |
|
|
|2 ddc
|c BK
|
| 952 |
|
|
|0 0
|1 0
|2 ddc
|4 0
|6 709_000000000000000_CHR
|7 1
|9 70086
|a BRACUL
|b BRACUL
|c CS1
|d 2022-03-10
|e Donated by Akbar Ali Khan
|l 0
|o 709 CHR
|p 3010038047
|r 2022-03-10
|t 1
|w 2022-03-10
|y BK
|